000 00857nam a22002777a 4500
001 6989
003 FISKH
005 20250616113333.0
008 250616b cb ||||| |||| 00| 0 eng d
020 _a9780394880563
040 _aFISKH
_beng
_cFISKH
_dFISKH
050 _aPZ7.P5376 T
082 _a813.54
100 _aPhilip, Joan
245 _aTiger is a scaredy cat /
_cby Joan Philips : illustrated by Norman Gorbaty
260 _aNew York :
_bRandom House ,
_c1986.
300 _a32 pages :
_bcolor illustrations ;
_c23 cm .
505 _aF
520 _aTiger, a scaredy cat who is even afraid of the mice in his house, conquers his fear to help Baby Mouse.
521 8 _a350
_bLexile
521 8 _aF
_bRaz-Plus
650 _aScared
_vJuvenile Literature
700 _aGorbaty, Norman
942 _2ddc
_cBK
_n0
999 _c6989
_d6989